| 000 | 00448nam a2200157 i 4500 | ||
|---|---|---|---|
| 001 | 147885 | ||
| 003 | ES-MaACL | ||
| 005 | 20230906202316.0 | ||
| 007 | t| | ||
| 008 | 071008s1943 sp ||||1| spa d | ||
| 100 | 1 |
_aUrtubey, Luis. _9112267 |
|
| 245 | 1 | 3 |
_aLa sangre y la teorĂa del mesenquina / _cLuis Urtubey. |
| 260 |
_aValencia : _bAmerica, M. Clemente, _c1943. |
||
| 300 |
_a187 p. : _bil. ; _c25 cm. |
||
| 852 |
_aES-MaACL _jE-121 _bR.20525 |
||
| 999 |
_c147885 _d147885 |
||